| 000 | 00924nam a2200265Ia 4500 | ||
|---|---|---|---|
| 005 | 20150406151627.0 | ||
| 010 | _aBAC-EN21 ENG-111845 | ||
| 020 |
_a9788126536047 _c749.00 |
||
| 035 | _aEN-95377 | ||
| 037 |
_bAsian Book Centre/ven _adpl |
||
| 037 | _bDBAD/PUB | ||
| 082 | _a530 | ||
| 100 | _aWalker, Jearl | ||
| 245 |
_aHalliday & Resnick principles of physics / _cby Jearl Walker |
||
| 246 | _aFundamentals of physics | ||
| 250 | _aextended 9th ed | ||
| 260 |
_c2013(repr.) _aNew Delhi _bJohn Wiley |
||
| 270 |
_a4435-36/7, Ansari Road,Daryaganj _bNew Delhi _e110002 |
||
| 300 |
_c25cm(pbk) _avarious pagings : _bill. |
||
| 500 | _aAt head of title: Halliday & Resnick. | ||
| 500 | _aIncludes index | ||
| 650 |
_a Physics _vTextbooks. |
||
| 942 |
_cEN _2ddc _mWAL _h530 |
||
| 999 |
_c88071 _d88071 |
||